Cd̤igo General del Proceso

Detalles Bibliográficos
Autor principal: Chavarro Cadena, Jorge Enrique
Formato: Libro
Lenguaje:español
Publicado: Colombia Editorial Nueva Legislacin̤ 2016
Materias:
Acceso en línea:Acceso restringido

MARC

LEADER 00000nam a22000007a 4500
005 20160607120510.0
007 cr|||| ||u|
008 160607s2016 ck ||||| |||| 00||0 spa d
020 |a 978-958-58768-9-7 
035 |a 14283 
040 |a vLex 
090 |c 6163  |d 6163 
100 |a Chavarro Cadena, Jorge Enrique 
245 |a Cd̤igo General del Proceso  |h [Recurso electrn̤ico] /  |c Jorge Enrique Chavarro Cadena  
256 |a Servicio en ln̕ea  
260 |a Colombia  |b Editorial Nueva Legislacin̤  |c 2016 
300 |a 1 recurso electrn̤ico (Segunda Edicin̤. 468 pg̀inas) 
500 |a Concordado, doctrina y jurisprudencia.  
506 1 |a Contenido solo disponible en los productos indicados  |d vLex Global  |d vLex Global (Academic Edition, excluding Law Schools)  |d vLex Global (U.S. Academic Edition, Law Schools)  |d vLex Global (U.S. Academic Edition, excluding Law Schools)  |d vLex Global (Academic Edition, Law Schools) 
650 0 4 |a Derecho  |z Colombia 
740 0 |a vLex libros (servicio en ln̕ea)  
856 4 0 |z Acceso restringido  |u http://vlex.com/source/codigo-general-proceso-14283 
942 |c BOOK 
999 0 |a Law  |b Colombia